<?xml version="1.0" encoding="UTF-8"?>
<collection xmlns="http://www.loc.gov/MARC21/slim">
 <record>
  <leader>04610nam a22005895i 4500</leader>
  <controlfield tag="001">978-3-642-41392-6</controlfield>
  <controlfield tag="003">DE-He213</controlfield>
  <controlfield tag="005">20210624194228.0</controlfield>
  <controlfield tag="007">cr nn 008mamaa</controlfield>
  <controlfield tag="008">131009s2013    gw |    s    |||| 0|eng d</controlfield>
  <datafield tag="020" ind1=" " ind2=" ">
   <subfield code="a">9783642413926</subfield>
   <subfield code="9">978-3-642-41392-6</subfield>
  </datafield>
  <datafield tag="024" ind1="7" ind2=" ">
   <subfield code="a">10.1007/978-3-642-41392-6</subfield>
   <subfield code="2">doi</subfield>
  </datafield>
  <datafield tag="050" ind1=" " ind2="4">
   <subfield code="a">QA76.9.C65</subfield>
  </datafield>
  <datafield tag="072" ind1=" " ind2="7">
   <subfield code="a">UYM</subfield>
   <subfield code="2">bicssc</subfield>
  </datafield>
  <datafield tag="072" ind1=" " ind2="7">
   <subfield code="a">COM072000</subfield>
   <subfield code="2">bisacsh</subfield>
  </datafield>
  <datafield tag="072" ind1=" " ind2="7">
   <subfield code="a">UYM</subfield>
   <subfield code="2">thema</subfield>
  </datafield>
  <datafield tag="082" ind1="0" ind2="4">
   <subfield code="a">003.3</subfield>
   <subfield code="2">23</subfield>
  </datafield>
  <datafield tag="245" ind1="1" ind2="0">
   <subfield code="a">Algorithmic Game Theory</subfield>
   <subfield code="h">[electronic resource] :</subfield>
   <subfield code="b">6th International Symposium, SAGT 2013, Aachen, Germany, October 21-23, 2013, Proceedings /</subfield>
   <subfield code="c">edited by Berthold Vöcking.</subfield>
  </datafield>
  <datafield tag="250" ind1=" " ind2=" ">
   <subfield code="a">1st ed. 2013.</subfield>
  </datafield>
  <datafield tag="264" ind1=" " ind2="1">
   <subfield code="a">Berlin, Heidelberg :</subfield>
   <subfield code="b">Springer Berlin Heidelberg :</subfield>
   <subfield code="b">Imprint: Springer,</subfield>
   <subfield code="c">2013.</subfield>
  </datafield>
  <datafield tag="300" ind1=" " ind2=" ">
   <subfield code="a">XII, 271 p. 29 illus.</subfield>
   <subfield code="b">online resource.</subfield>
  </datafield>
  <datafield tag="336" ind1=" " ind2=" ">
   <subfield code="a">text</subfield>
   <subfield code="b">txt</subfield>
   <subfield code="2">rdacontent</subfield>
  </datafield>
  <datafield tag="337" ind1=" " ind2=" ">
   <subfield code="a">computer</subfield>
   <subfield code="b">c</subfield>
   <subfield code="2">rdamedia</subfield>
  </datafield>
  <datafield tag="338" ind1=" " ind2=" ">
   <subfield code="a">online resource</subfield>
   <subfield code="b">cr</subfield>
   <subfield code="2">rdacarrier</subfield>
  </datafield>
  <datafield tag="347" ind1=" " ind2=" ">
   <subfield code="a">text file</subfield>
   <subfield code="b">PDF</subfield>
   <subfield code="2">rda</subfield>
  </datafield>
  <datafield tag="490" ind1="1" ind2=" ">
   <subfield code="a">Information Systems and Applications, incl. Internet/Web, and HCI ;</subfield>
   <subfield code="v">8146</subfield>
  </datafield>
  <datafield tag="505" ind1="0" ind2=" ">
   <subfield code="a">The Complexity of Fully Proportional Representation for Single-Crossing Electorates -- New Results on Equilibria in Strategic Candidacy -- Plurality Voting with Truth-Biased Agents -- Reliability Weighted Voting Games -- The Power of Mediation in an Extended El Farol Game -- Friend of My Friend: Network Formation with Two-Hop Benefit -- Load Rebalancing Games in Dynamic Systems with Migration Costs -- Stochastic Congestion Games with Risk-Averse Players -- Congestion Games with Player-Specific Costs Revisited -- Using Reputation Instead of Tolls in Repeated Selfish Routing with Incomplete Information -- Anti-coordination Games and Stable Graph Colorings -- Approximating Multi Commodity Network Design on Graphs of Bounded Pathwidth and Bounded Degree -- Cooperative Equilibria in Iterated Social Dilemmas -- Symmetries of Quasi-Values -- Dividing Connected Chores Fairly -- On Popular Random Assignments -- Scheduling a Cascade with Opposing Influences -- Designing Budget-Balanced Best-Response Mechanisms for Network Coordination Games -- Inefficiency of Games with Social Context -- Copula-Based Randomized Mechanisms for Truthful Scheduling on Two Unrelated Machines -- Imperfect Best-Response Mechanisms -- Pricing Ad Slots with Consecutive Multi-unit Demand.</subfield>
  </datafield>
  <datafield tag="520" ind1=" " ind2=" ">
   <subfield code="a">This book constitutes the proceedings of the 6th International Symposium on Algorithmic Game Theory, SAGT 2013, held in Aachen, Germany, in October 2013. The 25 papers presented in this volume were carefully reviewed and selected from 65 submissions. They cover various important aspects of algorithmic game theory, such as solution concepts in game theory, efficiency of equilibria and the price of anarchy, computational aspects of equilibria and game theoretical measures, repeated games and convergence of dynamics, evolution and learning in games, coordination and collective action, network games and graph-theoretic aspects of social networks, voting and social choice, as well as algorithmic mechanism design.</subfield>
  </datafield>
  <datafield tag="650" ind1=" " ind2="0">
   <subfield code="a">Computer simulation.</subfield>
  </datafield>
  <datafield tag="650" ind1=" " ind2="0">
   <subfield code="a">E-commerce.</subfield>
  </datafield>
  <datafield tag="650" ind1=" " ind2="0">
   <subfield code="a">Computers.</subfield>
  </datafield>
  <datafield tag="650" ind1=" " ind2="0">
   <subfield code="a">Computers and civilization.</subfield>
  </datafield>
  <datafield tag="650" ind1=" " ind2="0">
   <subfield code="a">Numerical analysis.</subfield>
  </datafield>
  <datafield tag="650" ind1=" " ind2="0">
   <subfield code="a">Mathematical statistics.</subfield>
  </datafield>
  <datafield tag="650" ind1="1" ind2="4">
   <subfield code="a">Simulation and Modeling.</subfield>
   <subfield code="0">https://scigraph.springernature.com/ontologies/product-market-codes/I19000</subfield>
  </datafield>
  <datafield tag="650" ind1="2" ind2="4">
   <subfield code="a">e-Commerce/e-business.</subfield>
   <subfield code="0">https://scigraph.springernature.com/ontologies/product-market-codes/I26000</subfield>
  </datafield>
  <datafield tag="650" ind1="2" ind2="4">
   <subfield code="a">Models and Principles.</subfield>
   <subfield code="0">https://scigraph.springernature.com/ontologies/product-market-codes/I18016</subfield>
  </datafield>
  <datafield tag="650" ind1="2" ind2="4">
   <subfield code="a">Computers and Society.</subfield>
   <subfield code="0">https://scigraph.springernature.com/ontologies/product-market-codes/I24040</subfield>
  </datafield>
  <datafield tag="650" ind1="2" ind2="4">
   <subfield code="a">Numeric Computing.</subfield>
   <subfield code="0">https://scigraph.springernature.com/ontologies/product-market-codes/I1701X</subfield>
  </datafield>
  <datafield tag="650" ind1="2" ind2="4">
   <subfield code="a">Probability and Statistics in Computer Science.</subfield>
   <subfield code="0">https://scigraph.springernature.com/ontologies/product-market-codes/I17036</subfield>
  </datafield>
  <datafield tag="700" ind1="1" ind2=" ">
   <subfield code="a">Vöcking, Berthold.</subfield>
   <subfield code="e">editor.</subfield>
   <subfield code="4">edt</subfield>
   <subfield code="4">http://id.loc.gov/vocabulary/relators/edt</subfield>
  </datafield>
  <datafield tag="710" ind1="2" ind2=" ">
   <subfield code="a">SpringerLink (Online service)</subfield>
  </datafield>
  <datafield tag="773" ind1="0" ind2=" ">
   <subfield code="t">Springer Nature eBook</subfield>
  </datafield>
  <datafield tag="776" ind1="0" ind2="8">
   <subfield code="i">Printed edition:</subfield>
   <subfield code="z">9783642413933</subfield>
  </datafield>
  <datafield tag="776" ind1="0" ind2="8">
   <subfield code="i">Printed edition:</subfield>
   <subfield code="z">9783642413919</subfield>
  </datafield>
  <datafield tag="830" ind1=" " ind2="0">
   <subfield code="a">Information Systems and Applications, incl. Internet/Web, and HCI ;</subfield>
   <subfield code="v">8146</subfield>
  </datafield>
  <datafield tag="856" ind1="4" ind2="0">
   <subfield code="u">https://doi.org/10.1007/978-3-642-41392-6</subfield>
  </datafield>
  <datafield tag="912" ind1=" " ind2=" ">
   <subfield code="a">ZDB-2-SCS</subfield>
  </datafield>
  <datafield tag="912" ind1=" " ind2=" ">
   <subfield code="a">ZDB-2-SXCS</subfield>
  </datafield>
  <datafield tag="912" ind1=" " ind2=" ">
   <subfield code="a">ZDB-2-LNC</subfield>
  </datafield>
  <datafield tag="950" ind1=" " ind2=" ">
   <subfield code="a">Computer Science (SpringerNature-11645)</subfield>
  </datafield>
  <datafield tag="950" ind1=" " ind2=" ">
   <subfield code="a">Computer Science (R0) (SpringerNature-43710)</subfield>
  </datafield>
 </record>
</collection>
